000 00827nam a2200253Ia 4500
003 OSt
005 20220923220746.0
006 a|||||r|||| 00| 0
007 ta
008 220922b |||||||| |||| 00| 0 hin d
024 _a190,079
037 _cTextual
040 _aARTS
_cARTS
_bhin
041 _2hin
_ahin
082 _aO152,2NCH2,BB, M9
100 _aचातक, गोविन्द
245 0 _aबांॅसुरी बजती रही
246 _aBāanॅsurī bajatī rahī
260 _aनई दिल्ली
_b तक्षशिला प्रकाशन
_c1989
300 _a112पृ.
_ccm.
650 _aहिन्दी साहित्य
_9156264
942 _hO152,2NCH2,BB, M9
_cTEXL
_2CC
999 _c342879
_d342879